Electoral systems (Record no. 479613)

MARC details
000 -LEADER
fixed length control field 01608cam a2200385 a 4500
001 - CONTROL NUMBER
control field EDZ0000116364
003 - CONTROL NUMBER IDENTIFIER
control field StDuBDS
005 - DATE AND TIME OF LATEST TRANSACTION
control field 20161031105120.0
006 - FIXED-LENGTH DATA ELEMENTS--ADDITIONAL MATERIAL CHARACTERISTICS--GENERAL INFORMATION
fixed length control field m||||||||d||||||||
007 - PHYSICAL DESCRIPTION FIXED FIELD--GENERAL INFORMATION
fixed length control field cr |||||||||||
008 - FIXED-LENGTH DATA ELEMENTS--GENERAL INFORMATION
fixed length control field 130111s2012 cauab fo| 0|0|0|eng|d
020 ## - INTERNATIONAL STANDARD BOOK NUMBER
International Standard Book Number 9781446261491 (ebook) :
Terms of availability No price
040 ## - CATALOGING SOURCE
Original cataloging agency StDuBDS
Language of cataloging eng
Transcribing agency StDuBDS
Description conventions pn
049 ## - LOCAL HOLDINGS (OCLC)
Holding library Alfaisal Main Library
050 #0 - LIBRARY OF CONGRESS CALL NUMBER
Classification number JF1051
Item number .E44 2012
082 04 - DEWEY DECIMAL CLASSIFICATION NUMBER
Classification number 324.63
Edition number 23
245 00 - TITLE STATEMENT
Title Electoral systems
Medium [electronic resource] /
Statement of responsibility, etc edited by David M. Farrell and Matthew Shugart.
260 ## - PUBLICATION, DISTRIBUTION, ETC. (IMPRINT)
Place of publication, distribution, etc Los Angeles :
Name of publisher, distributor, etc SAGE,
Date of publication, distribution, etc 2012.
300 ## - PHYSICAL DESCRIPTION
Extent 1 online resource (6 v.) :
Other physical details ill., maps.
490 1# - SERIES STATEMENT
Series statement SAGE library of political science
520 8# - SUMMARY, ETC.
Summary, etc This collection brings together leading electoral systems experts from either side of the Atlantic, namely David Farrell and Matthew Shugart. The last 25 years have seen this initially underdeveloped discipline in political science grow exponentially in level and range of output.
521 ## - TARGET AUDIENCE NOTE
Target audience note Specialized.
588 ## -
-- Description based on print version record.
504 ## - BIBLIOGRAPHY, ETC. NOTE
Bibliography, etc Includes bibliographical references.
650 #0 - SUBJECT ADDED ENTRY--TOPICAL TERM
Topical term or geographic name as entry element Representative government and representation.
650 #0 - SUBJECT ADDED ENTRY--TOPICAL TERM
Topical term or geographic name as entry element Elections.
655 #7 - INDEX TERM--GENRE/FORM
Genre/form data or focus term Electronic books.
Source of term local
700 1# - ADDED ENTRY--PERSONAL NAME
Personal name Farrell, David M.,
Dates associated with a name 1960-
700 1# - ADDED ENTRY--PERSONAL NAME
Personal name Shugart, Matthew Soberg,
Dates associated with a name 1960-
710 2# - ADDED ENTRY--CORPORATE NAME
Corporate name or jurisdiction name as entry element Sage eBooks
776 08 - ADDITIONAL PHYSICAL FORM ENTRY
Display text Print version :
International Standard Book Number 9780857024275
830 #0 - SERIES ADDED ENTRY--UNIFORM TITLE
Uniform title SAGE library of political science.
856 40 - ELECTRONIC LOCATION AND ACCESS
Uniform Resource Identifier <a href="http://ezproxy.alfaisal.edu/login?url=http://sk.sagepub.com/navigator/electoral-systems">http://ezproxy.alfaisal.edu/login?url=http://sk.sagepub.com/navigator/electoral-systems</a>
942 ## - ADDED ENTRY ELEMENTS (KOHA)
Source of classification or shelving scheme Library of Congress Classification
Koha item type eBooks

No items available.

Copyright © 2020 Alfaisal University Library. All Rights Reserved.
Tel: +966 11 2158948 Fax: +966 11 2157910 Email:
librarian@alfaisal.edu